00497nam a2200157Ia 4500008004100000082002300041100001400064245002400078260003500102365000700137630002400144730002400168942000900192999001900201952011900220100415s9999 xx 000 0 und d b12681a572.9(5475) aKoppar DH aTribal art of Dangs aBARODAc1971bDEPT. OF MUSEUMS b44 aTribal art of Dangs aTribal art of Dangs cBOOK c595598d595595 00104070aBNHSbBNHSd1994-07-27g44.00l0o572.9(5475) 12681pBNHS-12681r2010-04-15 00:00:00w2010-04-15yBOOK